Normal view
MARC view
Entry Personal Name
001 - CONTROL NUMBER
- control field: 873334
003 - CONTROL NUMBER IDENTIFIER
- control field: OSt
005 - DATE AND TIME OF LATEST TRANSACTION
- control field: 20260114185712.0
008 - FIXED-LENGTH DATA ELEMENTS
- fixed length control field: 260114|| aca||aabn | a|a d
040 ## - CATALOGING SOURCE
- Original cataloging agency: OSt
- Transcribing agency: OSt
100 ## - HEADING--PERSONAL NAME
- Personal name: Robert Shannan Peckham
670 ## - SOURCE DATA FOUND
- Source citation: Work cat.: (OSt)1472282: Robert Shannan Peckham, Rethinking Heritage Cultures and Politics in Europe, 2003
